[Event "Luzern ol (Men)"]
[Site "Luzern"]
[Date "1982.??.??"]
[Round "9"]
[White "Liao, Yuan Eu"]
[Black "Schmidt, Wlodzimierz"]
[Result "1/2-1/2"]
[WhiteElo "2280"]
[BlackElo "2475"]

1.e4 c5 2.Nf3 e6 3.Nc3 Nc6 4.d4 cxd4 5.Nxd4 a6 6.g3 d6 7.Bg2 Bd7 8.O-O Nf6
9.Re1 Be7 10.Nxc6 Bxc6 11.a4 O-O 12.a5 Qc7 13.Be3 Nd7 14.Na4 Bxa4 15.Rxa4 Rfc8
16.c3 b5 17.axb6 Nxb6 18.Bxb6 Qxb6 19.Qe2 a5 20.Rea1 Rab8 21.Rxa5 Qxb2 22.Qxb2 Rxb2
23.Ra8 Rcb8 24.Rxb8+ Rxb8 25.Ra7 Kf8 26.Bf1 g6 27.Be2 Rb2 28.Kf1 h5 29.h4 Bf6
30.Ra8+ Kg7 31.Ra6 Be5 32.f4 Bxc3 33.Rxd6 Rb1+ 34.Rd1  1/2-1/2

[Event "Luzern ol (Men)"]
[Site "Luzern"]
[Date "1982.??.??"]
[Round "10"]
[White "Upton, Timothy J"]
[Black "Yap, Andronico"]
[Result "0-1"]
[WhiteElo "2295"]
[BlackElo "2385"]

1.e4 c5 2.Nf3 e6 3.d4 cxd4 4.Nxd4 Nc6 5.Nc3 a6 6.Be2 Qc7 7.O-O Nf6 8.Be3 Be7
9.f4 d6 10.Qe1 O-O 11.Qg3 Nxd4 12.Bxd4 b5 13.a3 Bb7 14.Rae1 Bc6 15.Bd3 Rad8
16.Kh1 Qb7 17.Qh3 g6 18.f5 e5 19.Be3 Rfe8 20.Bg5 Nh5 21.f6 Bf8 22.Qh4 d5
23.exd5 Bxd5 24.Nxd5 Qxd5 25.Re4 Qc6 26.Qe1 h6 27.Bd2 Nxf6 28.Rxe5 Ng4 29.Rxe8 Rxe8
30.Qg3 h5 31.Qf4 Qe6 32.h3 Bh6 33.Qb4 Bxd2 34.Qxd2 Ne3 35.Re1 Qe5 36.b3 Re6
37.Re2 h4 38.Qe1 Qf4 39.Qf2 Qd4 40.Qe1 Qf4 41.Qf2 Qd4 42.Qe1 Kg7 43.Qg1 f5
44.Qe1 Kf6 45.a4 Re5 46.axb5 axb5 47.Bxb5 Nxc2 48.Qd2 Rxe2 49.Qxe2 Ne3 50.Bc4 Ke5
51.Qe1 Kf6 52.Qe2 Qa1+ 53.Kh2 Qe5+ 54.Kg1 f4 55.Qe1 Kg5 56.Qe2 Qd4 57.Kh2 Kh6
58.Bd3 Qc3 59.Qf2 Kg5 60.Bc4 Nxc4 61.bxc4 Qxc4 62.Qd2 Qc7 63.Kh1 Qe5 64.Qd8+ Kh5
65.Qa8 Qd4 66.Qa5+ Kh6 67.Qa8 Qd1+ 68.Kh2 Qd6 69.Kh1 Qf6 70.Kh2 Qe5 71.Kh1 Qe1+
72.Kh2 Qg3+ 73.Kh1 Qc3 74.Qf8+ Kg5 75.Qd8+ Kh5 76.Qd5+ Kh6 77.Qa8 f3 78.gxf3 Qe1+
79.Kg2 Qg3+ 80.Kf1 Qxh3+ 81.Kf2 Qg3+ 82.Kf1 Qe5 83.Qd8 Kh5 84.Qd7 Qf5 85.Qh7+ Kg5
86.Kg2 Qe5 87.Qf7 Qg3+ 88.Kf1 Qf4 89.Qe7+ Kh6 90.Qb7 h3 91.Qa8 Qc1+ 92.Kf2 Qb2+
93.Kg3 Qg2+ 94.Kf4 Qg5+ 95.Ke4 Qe7+ 96.Kf4 h2 97.Qh8+ Qh7 98.Qa1 Qg7 99.Qh1 Qd4+  0-1

[Event "Luzern ol (Men)"]
[Site "Luzern"]
[Date "1982.??.??"]
[Round "11"]
[White "Morovic Fernandez, Ivan"]
[Black "Fernandez, A."]
[Result "1/2-1/2"]
[WhiteElo "2450"]
[BlackElo "2340"]

1.e4 c5 2.Nf3 e6 3.d4 cxd4 4.Nxd4 Nc6 5.Nc3 d6 6.Be2 Nf6 7.O-O Be7 8.Be3 O-O
9.f4 a6 10.a4 Qc7 11.Kh1 Nxd4 12.Qxd4 e5 13.Qd3 exf4 14.Bxf4 Be6 15.Qg3 Kh8
16.e5 Ne8 17.Rad1 dxe5 18.Bxe5 Qb6 19.Nd5 Bxd5 20.Rxd5 Rd8 21.Rxd8 Bxd8 22.Bd3 Kg8
23.Qh3 g6 24.Qd7 Qe6 25.Qd4 Bc7 26.Bxc7 Nxc7 27.Bc4 Qe7 28.Qf6 Qxf6 29.Rxf6 Ne6
30.Kg1 Kg7 31.Rf2 Rd8 32.Bxe6 fxe6 33.Kf1 Rd5 34.Ke2 Rf5 35.Rf3 Kf6 36.Rb3 b5
37.axb5 axb5 38.Rb4 Rg5 39.g3 Rd5 40.Ke3 Ke7 41.Rd4 Rc5 42.c3 h5 43.Kd3 g5
44.c4 bxc4+ 45.Rxc4 Rf5 46.Rc2 h4 47.gxh4 gxh4 48.b4 Kd6 49.Ke4 Rf1 50.Rb2 Kc6
51.b5+ Kb6 52.Ke5 Rf5+ 53.Kxe6 Rxb5 54.Rd2 Rh5 55.h3 Kc7 56.Kf6 Rh8 57.Kg7 Rh5
58.Rd4  1/2-1/2

[Event "Luzern ol (Men)"]
[Site "Luzern"]
[Date "1982.??.??"]
[Round "12"]
[White "Fernandes, Antonio"]
[Black "Dominguez Sanz, Juan P"]
[Result "1/2-1/2"]
[WhiteElo "2335"]
[BlackElo "2295"]

1.e4 c5 2.Nf3 e6 3.d4 cxd4 4.Nxd4 Nc6 5.Nc3 a6 6.g3 Nge7 7.Bg2 Nxd4 8.Qxd4 Nc6
9.Qd3 Be7 10.O-O O-O 11.Bf4 d6 12.Rfd1 Ne5 13.Qe2 Qc7 14.Nb1 b5 15.c3 Bb7
16.Nd2 Rab8 17.Nf3 Ba8 18.Rac1 a5 19.b3 Nxf3+ 20.Bxf3 e5 21.Be3 Qb7 22.Bg2 f5
23.f3 Kh8 24.c4 b4 25.Rf1 Qc6 26.exf5 Rxf5 27.f4 e4 28.Rce1 Re8 29.Bd4 Bf6
30.Qe3 a4 31.Re2 d5 32.g4 Bxd4 33.Qxd4 Rf7 34.cxd5 Qxd5 35.Qxb4 Rfe7 36.Rfe1 Qd7
37.Rd2 Qa7+ 38.Qd4 e3 39.Rd3 axb3 40.Qxa7 Rxa7 41.Rdxe3 Rxe3 42.Rxe3 g5 43.axb3 Ra1+
44.Bf1 gxf4 45.Re5 Bf3 46.Rf5 Be2 47.Rxf4 Rb1 48.Kg2 Bxf1+ 49.Rxf1 Rxb3 50.Rf3 Rb4
51.Kg3 h5 52.h3 Kg7 53.Kh4 Kg6 54.Ra3 Rb6 55.Ra8 hxg4 56.hxg4 Rc6 57.Rg8+ Kf7
58.Rg5 Rc3 59.Ra5 Kg6 60.Ra6+ Kg7 61.Kh5 Rc5+ 62.g5 Rc7 63.Rg6+ Kh7  1/2-1/2

[Event "Luzern ol (Men)"]
[Site "Luzern"]
[Date "1982.??.??"]
[Round "12"]
[White "Sigurjonsson, Gudmundur"]
[Black "Fernandez, A."]
[Result "0-1"]
[WhiteElo "2470"]
[BlackElo "2340"]

1.e4 c5 2.Nf3 e6 3.d4 cxd4 4.Nxd4 Nc6 5.Nc3 a6 6.Be2 Qc7 7.O-O Nf6 8.Kh1 Be7
9.f4 d6 10.Be3 O-O 11.Qe1 Bd7 12.Qg3 Kh8 13.a3 b5 14.Rad1 Rad8 15.Bd3 Nxd4
16.Bxd4 Bc6 17.Rde1 Nh5 18.Qh3 e5 19.Qxh5 exd4 20.Ne2 g6 21.Qh6 Bf6 22.Rf3 Bg7
23.Qh4 Rde8 24.Rh3 h5 25.Ng3 Qe7 26.Qg4 Kg8 27.Nxh5 Bd7 28.Qg3 Bxh3 29.Nxg7 Bxg2+
30.Qxg2 Kxg7 31.Qf2 Qf6 32.Rg1 Rh8 33.Rg5 Re5 34.Rg2 Reh5 35.Be2 Rh4 36.Bg4 R4h6
37.Qf3 Qh4 38.Re2 Re8 39.h3 Qf6 40.Kg2 Kf8 41.Rd2 Re7 42.Rd3 Kg7 43.c3 dxc3
44.Rxc3 Qd4 45.Qd3 Rxe4 46.Qxd4+ Rxd4 47.Kg3 Rh8 48.Bf3 Re8 49.b4 Re7 50.h4 f5
51.h5 gxh5 52.Bxh5 Kf6 53.Bf3 Rg7+ 54.Kf2 Rxf4 55.Rc6 Ke5 56.Rxa6 Rc7 57.Rb6 Rc3
58.Rxb5+ Ke6  0-1

[Event "Luzern ol (Men)"]
[Site "Luzern"]
[Date "1982.??.??"]
[Round "13"]
[White "Sisniega, Marcel"]
[Black "Schmidt, Wlodzimierz"]
[Result "1-0"]
[WhiteElo "2420"]
[BlackElo "2475"]

1.e4 c5 2.Nf3 e6 3.d4 cxd4 4.Nxd4 Nc6 5.Nc3 a6 6.g3 d6 7.Bg2 Bd7 8.O-O Nf6
9.Be3 Be7 10.Nxc6 Bxc6 11.a4 a5 12.Qe2 O-O 13.Rfd1 Qb8 14.Bf4 Nd7 15.Rd2 Ne5
16.Rad1 Rd8 17.h4 h6 18.Nb5 Bxb5 19.Qxb5 Bf6 20.Be3 Rc8 21.b3 Be7 22.Bd4 Nc6
23.Bb2 Qc7 24.Qe2 Rd8 25.f4 Bf8 26.Kh2 Rab8 27.f5 Ne5 28.fxe6 fxe6 29.Bh3 Re8
30.Bxe5 dxe5 31.Rd7 Qc6 32.c4 Kh7 33.Qg4 Re7 34.R7d6 Qc5 35.Rxe6 Rxe6 36.Qxe6 Qf2+
37.Bg2 Bc5 38.Qxe5 Rf8  1-0

[Event "Luzern ol (Men)"]
[Site "Luzern"]
[Date "1982.??.??"]
[Round "14"]
[White "Mortensen, Erling"]
[Black "Polugaevsky, Lev"]
[Result "1/2-1/2"]
[WhiteElo "2440"]
[BlackElo "2610"]

1.e4 c5 2.Nf3 Nc6 3.d4 cxd4 4.Nxd4 e6 5.Nc3 a6 6.Be2 d6 7.O-O Nf6 8.Be3 Be7
9.f4 O-O 10.Kh1 Qc7 11.a4 Re8 12.Bd3 Nb4 13.a5 Bd7 14.Qf3 Bc6 15.Qh3 Bd8
16.Nf3 e5 17.fxe5 dxe5 18.Nh4 Nxd3 19.cxd3 g6 20.Nf3 Qd7 21.Qxd7 Nxd7 22.Nd2 Be7
23.Nc4 Bc5 24.Rad1 Kg7 25.Bxc5 Nxc5 26.b4 Na4 27.Nb1 Rad8 28.Kg1 f6 29.Kf2 Rd4
30.Ke3 Re7 31.Nba3 Nc3 32.Rd2 Ba4 33.Rc1 Nb5 34.Nb1 Rc7 35.Nc3 Nxc3 36.Rxc3 Rc6
37.g3 h5 38.Rb2 Kf7 39.Rb1 Ke6 40.Rb2 Bb5 41.Rbc2 f5 42.Nxe5 Rxc3 43.Rxc3 Rxb4
44.Nxg6 fxe4 45.Nf4+ Kd6 46.dxe4 Ra4 47.Nxh5 Bc6 48.e5+ Kxe5 49.Rc5+ Kd6
50.Rg5 Ra3+ 51.Kd4 Ra4+ 52.Kc3 Bd5 53.Nf4 Rxa5 54.Nxd5  1/2-1/2

[Event "Manila"]
[Site "Manila"]
[Date "1982.??.??"]
[Round "?"]
[White "Dolmatov, Sergey"]
[Black "Polugaevsky, Lev"]
[Result "0-1"]
[WhiteElo "2555"]
[BlackElo "2610"]

1.e4 c5 2.Nf3 Nc6 3.d4 cxd4 4.Nxd4 e6 5.Nc3 a6 6.Be2 d6 7.O-O Nf6 8.Be3 Be7
9.f4 O-O 10.Bf3 Qc7 11.Nxc6 bxc6 12.Na4 Bb7 13.c4 c5 14.Qc2 Bc6 15.Nc3 Rfd8
16.Rad1 Qb7 17.Rf2 Ne8 18.g4 Bf6 19.g5 Bxc3 20.bxc3 Rab8 21.Rdf1 g6 22.Bg2 Ng7
23.Rd2 Rd7 24.Bf2 a5 25.Bg3 a4 26.Re1 a3 27.Bh3 Qa6 28.Qd3 Rb2 29.Ree2 Qa8
30.Bg2 Rxd2 31.Rxd2 Ne8 32.h4 Rb7 33.e5 Bxg2 34.Rxg2 Rb2 35.Rd2 dxe5 36.fxe5 Rxd2
37.Qxd2 Ng7 38.Qd7 Nf5 39.Bf2 Kg7 40.Qc7 Qe4 41.Qd8 Qxe5 42.Qa5 Ne3 43.Qxa3 Qe4
44.Bxe3 Qxe3+ 45.Kg2 h6 46.gxh6+ Kxh6 47.Qa8 Qd2+ 48.Kg3 Kg7 49.a4 Qxc3+
50.Qf3 Qxc4 51.Qa3 e5 52.a5 Qf4+ 53.Kh3 Qf1+ 54.Kg3 Qe1+ 55.Kf3 c4 56.a6 c3  0-1

[Event "Marbella zt-A"]
[Site "Marbella"]
[Date "1982.??.??"]
[Round "3"]
[White "Van der Wiel, John TH"]
[Black "Ligterink, Gert"]
[Result "1/2-1/2"]
[WhiteElo "2470"]
[BlackElo "2455"]

1.e4 c5 2.Nf3 e6 3.d4 cxd4 4.Nxd4 Nc6 5.Nc3 d6 6.Be3 Nf6 7.f4 Be7 8.Qf3 e5
9.Nxc6 bxc6 10.f5 Qa5 11.O-O-O O-O 12.Bc4 Bb7 13.g4 d5 14.exd5 cxd5 15.Nxd5 Bxd5
16.Bxd5 e4 17.Bxe4 Rab8 18.Bd5 Rxb2 19.Kxb2 Ba3+ 20.Kb1 Qc3 21.Bc1 Rb8+ 22.Bb3 Qxf3
23.Bxa3 Ne4 24.Ka1 Nd2 25.Bb2 Rd8 26.Rc1 a5 27.Rhe1 Qf4 28.Bd5 h5 29.c4 hxg4
30.Re7 Rf8 31.c5 a4 32.Ra7 Qxf5 33.Bb7 Qf2 34.Rxa4 Re8 35.Ra8 Rxa8 36.Bxa8 Qxh2
37.Bd5 g3 38.c6 g2 39.Bxg2 Qc7 40.Rc2 Qa5 41.c7 Nb3+ 42.Kb1 Nd2+ 43.Kc1 Nb3+
44.Kd1 Qh5+ 45.Ke1 Qh4+ 46.Kf1 Nd2+ 47.Rxd2 Qc4+ 48.Ke1 Qxc7 49.Bd5 g5 50.Bb3 g4
51.Rf2 g3 52.Rf5 Kf8 53.Kf1 Qb7 54.Kg1 Qe4 55.Rxf7+  1/2-1/2

[Event "Marbella zt-A"]
[Site "Marbella"]
[Date "1982.??.??"]
[Round "9"]
[White "Nunn, John DM"]
[Black "Langeweg, Kick"]
[Result "1/2-1/2"]
[WhiteElo "2590"]
[BlackElo "2410"]

1.e4 c5 2.Nf3 e6 3.d4 cxd4 4.Nxd4 Nc6 5.Nc3 a6 6.Be2 d6 7.O-O Nf6 8.Be3 Be7
9.f4 O-O 10.Qe1 Bd7 11.Qg3 b5 12.a3 Qb8 13.Rad1 b4 14.axb4 Qxb4 15.e5 Ne8
16.Ne4 g6 17.c3 Nxd4 18.Bxd4 Qxb2 19.Rd2 Qb8 20.Nf6+ Bxf6 21.exf6 a5 22.Qg5 a4
23.f5 Ra5 24.Bd3 exf5 25.Rf4 Re5 26.Rh4 Qd8 27.Bb5 Qxf6 28.Qxf6 Nxf6 29.Bxe5 dxe5
30.Rxd7 Nxd7 31.Bxd7 e4 32.Bxa4 Rc8 33.Rh3 f4 34.Bb5 Rd8 35.Kf1 Rd2 36.c4 Rc2
37.Ra3 Rc1+ 38.Kf2 Rc2+ 39.Kf1 Rc1+ 40.Kf2 Rc2+  1/2-1/2

[Event "Marbella zt-A"]
[Site "Marbella"]
[Date "1982.??.??"]
[Round "11"]
[White "Gallego Eraso, Francisco"]
[Black "Langeweg, Kick"]
[Result "1-0"]
[WhiteElo "2200"]
[BlackElo "2410"]

1.e4 c5 2.Nf3 e6 3.d4 cxd4 4.Nxd4 Nc6 5.Nc3 a6 6.Be2 d6 7.Be3 Nf6 8.O-O Be7
9.f4 O-O 10.Qe1 Bd7 11.Qg3 b5 12.e5 dxe5 13.fxe5 Nxd4 14.Bxd4 Bc6 15.Be3 Ne4
16.Nxe4 Bxe4 17.Bf3 Bh4 18.Qf4 Bxf3 19.Rxf3 Rc8 20.c3 Be7 21.Rg3 Bc5 22.Bxc5  1-0

[Event "Minsk"]
[Site "Minsk"]
[Date "1982.??.??"]
[Round "?"]
[White "Inkiov, Ventzislav"]
[Black "Marjanovic, Slavoljub"]
[Result "0-1"]
[WhiteElo "2495"]
[BlackElo "2515"]

1.e4 c5 2.Nf3 e6 3.d4 cxd4 4.Nxd4 Nc6 5.Nc3 Qc7 6.g3 a6 7.Bg2 d6 8.O-O Bd7
9.Nxc6 bxc6 10.Na4 Rb8 11.c4 c5 12.Nc3 Be7 13.Qg4 h5 14.Qe2 h4 15.Bf4 Bf6
16.Rad1 Bd4 17.e5 hxg3 18.hxg3 Bxe5 19.Bxe5 dxe5 20.Ne4 Nf6 21.Nd6+ Kf8 22.Qxe5 Rh5
23.Qf4 Bc6 24.b3 e5 25.Qe3 Bxg2 26.Kxg2 Qc6+ 27.f3 Ng4 28.Qc3 Rd8 29.Kg1 Nf6
30.g4 Nxg4 31.Nf5 Rxd1 32.Rxd1 Rxf5 33.fxg4 Rg5 34.Qh3 Ke7 35.Kf2 Rg6 36.Qh8 Rxg4
37.Qd8+ Ke6 38.Rd5 Rd4 39.Qf8 Rxd5 40.cxd5+ Qxd5 41.Qc8+ Ke7 42.Qxa6 e4 43.Qa7+ Ke6
44.a4 Qd2+ 45.Kg3 Qe3+  0-1

[Event "Minsk"]
[Site "Minsk"]
[Date "1982.??.??"]
[Round "?"]
[White "Kupreichik, Viktor D"]
[Black "Tseshkovsky, Vitaly"]
[Result "0-1"]
[WhiteElo "2570"]
[BlackElo "2595"]

1.e4 c5 2.Nf3 Nc6 3.d4 cxd4 4.Nxd4 e6 5.Nc3 d6 6.Be3 Nf6 7.f4 e5 8.Nf3 Ng4
9.Qd2 Nxe3 10.Qxe3 exf4 11.Qxf4 Be7 12.O-O-O O-O 13.Nd5 Be6 14.Kb1 Rc8 15.Bd3 h6
16.g4 Bg5 17.Qg3 Bxd5 18.exd5 Nb4 19.h4 Bf6 20.c3 Bxc3 21.Rh2 Nxd3 22.Rxd3 Qb6
23.a3 Qb5 24.Re3 Rfe8 25.Rxe8+ Rxe8 26.Rc2 Bxb2 27.Rxb2 Qd3+ 28.Ka2 Qd2 29.Ka1 Re3  0-1

[Event "Minsk"]
[Site "Minsk"]
[Date "1982.??.??"]
[Round "?"]
[White "Tseshkovsky, Vitaly"]
[Black "Marjanovic, Slavoljub"]
[Result "1-0"]
[WhiteElo "2595"]
[BlackElo "2515"]

1.e4 c5 2.Nf3 e6 3.d4 cxd4 4.Nxd4 Nc6 5.Nc3 Qc7 6.Be2 a6 7.O-O Nf6 8.Kh1 Nxd4
9.Qxd4 Bc5 10.Qd3 b5 11.f4 h5 12.Bf3 Rb8 13.Bd2 Ng4 14.Qe2 Bb7 15.Rae1 b4
16.Na4 Bf8 17.c4 Bc6 18.b3 Bxa4 19.bxa4 g6 20.Rc1 Bc5 21.Bxg4 hxg4 22.Qxg4 Ke7
23.h3 Qc6 24.Rce1 Bd4 25.f5 gxf5 26.exf5 Rhg8 27.Bg5+ f6 28.fxe6 Rxg5 29.exd7+ Be5
30.Rxe5+ Rxe5 31.Qg7+ Kd8 32.Rd1 Qa8 33.Qxf6+ Re7 34.Qf8+  1-0

[Event "Pamporovo"]
[Site "Pamporovo"]
[Date "1982.??.??"]
[Round "3"]
[White "Minic, Dragoljub"]
[Black "Radev, Nikolai"]
[Result "1/2-1/2"]
[WhiteElo "2400"]
[BlackElo "2350"]

1.e4 c5 2.Nf3 Nc6 3.d4 cxd4 4.Nxd4 e6 5.Nc3 a6 6.Be2 Nge7 7.O-O Nxd4 8.Qxd4 Nc6
9.Qe3 Bd6 10.f4 Bc7 11.Qg3 O-O 12.Rd1 b5 13.Be3 Qe7 14.a3 f6 15.Rd2 g5 16.Rf1 Kh8
17.Bd3 Bb7 18.Qh3 gxf4 19.Bxf4 Bxf4 20.Rxf4 Rf7 21.Rdf2 Ne5 22.Qh6 Qf8 23.Qh5 Qg7
24.Ne2 Raf8 25.Ng3 Qg6 26.Be2 Qxh5  1/2-1/2

[Event "Plovdiv"]
[Site "Plovdiv"]
[Date "1982.??.??"]
[Round "2"]
[White "Ermenkov, Evgenij"]
[Black "Osnos, Viatcheslav"]
[Result "1/2-1/2"]
[WhiteElo "2465"]
[BlackElo "2455"]

1.e4 c5 2.Nf3 e6 3.d4 cxd4 4.Nxd4 Nc6 5.Nc3 a6 6.Be2 Qc7 7.O-O Nf6 8.Kh1 Nxd4
9.Qxd4 Bc5 10.Qd3 b5 11.Bg5 Bb7 12.a3 Be7 13.f4 d6 14.Bf3 Rd8 15.Rae1  1/2-1/2

[Event "Plovdiv"]
[Site "Plovdiv"]
[Date "1982.??.??"]
[Round "11"]
[White "Tringov, Georgi P"]
[Black "Osnos, Viatcheslav"]
[Result "1/2-1/2"]
[WhiteElo "2460"]
[BlackElo "2455"]

1.e4 c5 2.Nf3 e6 3.d4 cxd4 4.Nxd4 Nc6 5.Nc3 a6 6.Be2 Qc7 7.O-O Nf6 8.Be3 Bb4
9.Nxc6 bxc6 10.Na4 O-O 11.Nb6 Rb8 12.Nxc8 Rfxc8 13.Bxa6 Rd8 14.Bd3 Bd6 15.Kh1 Be5
16.c3 Rxb2 17.Qc1 Ng4 18.f4 Nxe3 19.Qxb2 Bxf4 20.Qf2 Nxf1 21.Rxf1 g5 22.g3 Qd6
23.Bc2 Be5 24.Qxf7+ Kh8 25.Kg2 Qc5 26.Bb1 g4 27.Qh5 Qxc3 28.Qxg4 Rg8 29.Qh4 Qd2+
30.Kh3 Qg5 31.Qxg5  1/2-1/2

[Event "Rubinstein mem"]
[Site "Polanica Zdroj"]
[Date "1982.??.??"]
[Round "1"]
[White "Popovic, Petar"]
[Black "Schmidt, Wlodzimierz"]
[Result "1-0"]
[WhiteElo "2460"]
[BlackElo "2475"]

1.e4 c5 2.Nf3 e6 3.d4 cxd4 4.Nxd4 Nc6 5.Nc3 a6 6.g3 d6 7.Bg2 Bd7 8.O-O Nf6
9.Re1 Be7 10.Nxc6 Bxc6 11.a4 O-O 12.a5 Qc7 13.Be3 Nd7 14.Na4 Bxa4 15.Rxa4 Rfc8
16.Re2 b5 17.axb6 Nxb6 18.Ra2 Nc4 19.Bd4 Ne5 20.Bc3 Nc6 21.Qa1 Qb6 22.b3 Bf8
23.Ra4 Ra7 24.Rd2 a5 25.Bf1 Rca8 26.Qe1 Be7 27.Rd1 Ne5 28.Be2 Nc6 29.Kg2 h6
30.Bc4 Qb8 31.f4 Qb7 32.f5 Qc8 33.fxe6 fxe6 34.Qe2 Ne5 35.Bxe5 dxe5 36.Qg4 Kh8
37.Ra2 a4 38.Bxe6 Qc3 39.Qg6 Qc6 40.Rf1 axb3 41.Rxa7 Rxa7 42.Rf7  1-0

[Event "Randers zt-B"]
[Site "Randers"]
[Date "1982.??.??"]
[Round "1"]
[White "Mortensen, Erling"]
[Black "Borik, Otto"]
[Result "1/2-1/2"]
[WhiteElo "2440"]
[BlackElo "2360"]

1.e4 c5 2.Nf3 e6 3.d4 cxd4 4.Nxd4 Nc6 5.Nc3 d6 6.Bc4 Nf6 7.Bb3 Be7 8.Be3 Bd7
9.f4 O-O 10.O-O Nxd4 11.Bxd4 Bc6 12.Qd3 b5 13.e5 dxe5 14.fxe5 Nd7 15.Ne4 Bxe4
16.Qxe4 Nc5 17.Qe3 Bg5 18.Qc3 Nxb3 19.axb3 Rc8 20.Qd3 Be7  1/2-1/2

[Event "Randers zt-A"]
[Site "Randers"]
[Date "1982.??.??"]
[Round "7"]
[White "Wedberg, Tom"]
[Black "Birnboim, Nathan"]
[Result "0-1"]
[WhiteElo "2435"]
[BlackElo "2460"]

1.e4 c5 2.Nf3 Nc6 3.Nc3 e6 4.d4 cxd4 5.Nxd4 Nf6 6.Nxc6 bxc6 7.e5 Nd5 8.Nxd5 cxd5
9.Bd3 Qc7 10.Qe2 Bb4+ 11.Kf1 Rb8 12.Bf4 Be7 13.c3 d6 14.h4 f6 15.Qh5+ g6
16.Bxg6+ Kd7 17.exd6 Ba6+ 18.Kg1 Bxd6 19.Bxd6 Kxd6 20.Bf7 Rxb2 21.Bxe6 Kxe6
22.Rh3 Re2 23.Rf3 Qe5 24.Qg4+ f5 25.Qa4 Qd6 26.Qd4 Ra8 27.Qg7 Qe5 28.Qh6+ Qf6
29.Qxh7 Re4 30.Qc7 Rc8 31.Qxa7 Rc6 32.Rg3 f4 33.Rg7 Bc8 34.Rd1 Rd6 35.h5 Rd7
36.Rxd7 Bxd7 37.Qb6+ Kf7 38.Qb7 Qc6 39.Qb3 Be6 40.h6 Kg6 41.Qb8 Kxh6 42.f3 Rc4
43.Re1 Kg6 44.Qh8 Qb6+ 45.Kh2 Rc7 46.Qe8+ Bf7 47.Qd8 Rb7 48.Qc8 Qf6  0-1

[Event "Sarajevo"]
[Site "Sarajevo"]
[Date "1982.??.??"]
[Round "?"]
[White "Makarichev, Sergey"]
[Black "Bistric, Faruk"]
[Result "1-0"]
[WhiteElo "2505"]
[BlackElo "2400"]

1.e4 c5 2.Nf3 e6 3.d4 cxd4 4.Nxd4 Nc6 5.Nc3 d6 6.g3 a6 7.Bg2 Bd7 8.O-O Nf6
9.h3 Be7 10.a4 Qc7 11.Nde2 Rb8 12.g4 b5 13.axb5 axb5 14.g5 Nh5 15.Nxb5 Rxb5
16.Nc3 Ra5 17.Rxa5 Qxa5 18.Qxh5 h6 19.f4 g6 20.Qh4 Qd8 21.Kh2 Rh7 22.Rd1 Kf8
23.f5 Kg8 24.f6 Bf8 25.gxh6 Qb6 26.Kh1 Nb4 27.Qg3 Nxc2 28.Bf4 e5 29.Bxe5 Rxh6
30.Bxd6 Ne3 31.Bxf8 Bxh3 32.Bxh6 Bxg2+ 33.Kh2 Nxd1 34.Nd5 Qxb2 35.Qxg2 Qe5+
36.Bf4 Qh5+ 37.Kg1  1-0

[Event "Sarajevo"]
[Site "Sarajevo"]
[Date "1982.??.??"]
[Round "?"]
[White "Marjanovic, Slavoljub"]
[Black "Kelecevic, Nedeljko"]
[Result "1/2-1/2"]
[WhiteElo "2515"]
[BlackElo "2390"]

1.e4 c5 2.Nf3 e6 3.Nc3 Nc6 4.d4 cxd4 5.Nxd4 d6 6.Be2 Nf6 7.O-O Be7 8.Be3 O-O
9.f4 e5 10.Ndb5 a6 11.fxe5 Nxe5 12.Nd4 d5 13.exd5 Nxd5 14.Nxd5 Qxd5 15.Nf5 Qd8
16.Nxe7+ Qxe7 17.Kh1 Be6 18.Qd4 f6 19.c4 Rac8 20.b3 Rfd8 21.Qe4 Bf7 22.Bf4 Re8
23.Bg3 Qb4  1/2-1/2

[Event "URS-ch sf"]
[Site "Severodonetsk"]
[Date "1982.??.??"]
[Round "?"]
[White "Karasev, Vladimir I"]
[Black "Andrianov, Nikolai"]
[Result "0-1"]
[WhiteElo "2390"]
[BlackElo "2435"]

1.e4 c5 2.Nf3 e6 3.d4 cxd4 4.Nxd4 Nc6 5.Nc3 Nf6 6.Ndb5 d6 7.Bf4 e5 8.Bg5 a6
9.Na3 b5 10.Bxf6 gxf6 11.Nd5 f5 12.Nxb5 axb5 13.Bxb5 Bd7 14.exf5 Rb8 15.a4 Nd4
16.Bxd7+ Kxd7 17.b4 Qc8 18.c3 Qc4 19.Nf6+ Ke7 20.Ne4 d5 21.cxd4 dxe4 22.dxe5 Ke8
23.f4 e3  0-1

[Event "Sochi"]
[Site "Sochi"]
[Date "1982.??.??"]
[Round "2"]
[White "Hazai, Laszlo"]
[Black "Averkin, Orest N"]
[Result "1/2-1/2"]
[WhiteElo "2450"]
[BlackElo "2450"]

1.e4 c5 2.Nf3 e6 3.d4 cxd4 4.Nxd4 Nc6 5.Nc3 Qc7 6.Be2 a6 7.O-O Nf6 8.Be3 Be7
9.f4 d6 10.Qe1 O-O 11.Qg3 Nxd4 12.Bxd4 b5 13.a3 Bb7 14.Rae1 Bc6 15.Bd3 e5
16.fxe5 Nh5 17.Qf3 dxe5 18.Nd5 Bxd5 19.exd5 exd4 20.Qe4 g6 21.Qxe7 Qxe7 22.Rxe7 Rad8
23.g4  1/2-1/2

[Event "Sochi"]
[Site "Sochi"]
[Date "1982.??.??"]
[Round "10"]
[White "Geller, Efim P"]
[Black "Averkin, Orest N"]
[Result "0-1"]
[WhiteElo "2565"]
[BlackElo "2450"]

1.e4 c5 2.Nf3 Nc6 3.d4 cxd4 4.Nxd4 e6 5.Nc3 Qc7 6.Be2 a6 7.O-O Nf6 8.Be3 Be7
9.f4 d6 10.Qe1 O-O 11.Rd1 Bd7 12.Qg3 Nxd4 13.Bxd4 Bc6 14.Bf3 Rfd8 15.Kh1 Rab8
16.e5 Ne8 17.Rd3 f5 18.exf6 Bxf6 19.Qh3 Qf7 20.Bg4 Nc7 21.Bb6 Kh8 22.Bxc7 Qxc7
23.Bxe6 g6 24.Rg3 Qg7 25.Nd5 Bxb2 26.f5 Bxd5 27.Bxd5 Rf8 28.Bc4 g5 29.Qh5 Bf6
30.h4 Qc7 31.Bb3 gxh4 32.Rg6 Qe7 33.Be6 Rbd8 34.Rf4 d5 35.Rfg4 d4 36.Rh6 d3
37.cxd3 Rc8 38.Rc4 Rxc4 39.dxc4 Rd8 40.Qg4 Be5 41.c5 Qg5  0-1

[Event "BUL-ch"]
[Site "Sofia"]
[Date "1982.??.??"]
[Round "2"]
[White "Georgiev, Krum"]
[Black "Toshkov, Tihomir"]
[Result "1-0"]
[WhiteElo "2450"]
[BlackElo "2370"]

1.e4 c5 2.Nf3 e6 3.d4 cxd4 4.Nxd4 Nc6 5.Nc3 d6 6.Be3 Nf6 7.f4 e5 8.Nf3 Ng4
9.Qd2 Be7 10.O-O-O O-O 11.f5 Nd4 12.Bxd4 exd4 13.Nd5 Ne3 14.Nxe3 dxe3 15.Qxe3 Bd7
16.Bc4 Rc8 17.Bd5 Rc5 18.Kb1 Qb6 19.Rd3 Qc7 20.Rd2 Bf6 21.Rhd1 a5 22.g4 Rc8
23.c4 Be7 24.e5 Be8 25.g5 dxe5 26.g6 Rxd5 27.Rxd5 f6 28.Nxe5 Ba4 29.gxh7+ Kxh7
30.Ng6 Bxd1 31.Nxe7 Bh5 32.Nxc8 Qxc8 33.b3 a4 34.Qe6 Qa8 35.Rd7 axb3 36.axb3 Qa7
37.Qe1 Qa3 38.Qg3 Qf8 39.Rxb7 Bf7  1-0

[Event "BUL-ch"]
[Site "Sofia"]
[Date "1982.??.??"]
[Round "7"]
[White "Lukov, Valentin"]
[Black "Nikolov, Sasho"]
[Result "1-0"]
[WhiteElo "2405"]
[BlackElo "2335"]

1.e4 c5 2.Nf3 Nc6 3.d4 cxd4 4.Nxd4 e6 5.Nc3 d6 6.Be2 Nf6 7.O-O Be7 8.Be3 O-O
9.Kh1 Bd7 10.Nb3 a6 11.a4 Na5 12.f3 Rc8 13.Qd2 Kh8 14.Rfd1 Rg8 15.Bf4 Ne8
16.Nxa5 Qxa5 17.Nb1 Qh5 18.c4 g5 19.Bg3 Qg6 20.e5 f5 21.exf6 Qxf6 22.Nc3 Bc6
23.Ne4 Bxe4 24.fxe4 e5 25.Rac1 g4 26.c5 Qg5 27.Qxg5 Bxg5 28.Bxg4 Rc6 29.Rc3 Bf4
30.Bxf4 exf4 31.Be6 Rg7 32.cxd6 Rxd6 33.Bd5 Re7 34.Rcd3 Nf6 35.h3 Rb6 36.Rf1 Rb4
37.Rxf4 Nxd5 38.Rxd5 Rxa4 39.Rg5 h6 40.Rg6 Rb4 41.Rh4 Rh7 42.Rhg4 Re7 43.Rxh6+ Rh7
44.Rd6 Rg7 45.Rxg7 Kxg7 46.Rd2 b5 47.e5 a5 48.Rf2 Re4 49.Rf5 Kg6 50.g4 a4
51.Kg2 b4 52.Kf3 Re1 53.Rf6+ Kg5 54.Rb6 b3 55.Rb4 Rf1+ 56.Ke3 Rb1 57.h4+ Kxh4
58.e6 Kg5 59.e7 Re1+ 60.Kd3 Rxe7 61.Rxa4 Rh7 62.Rb4 Rh3+ 63.Kc4 Kxg4 64.Rxb3 Rh8
65.Rb5  1-0

[Event "BUL-ch"]
[Site "Sofia"]
[Date "1982.??.??"]
[Round "7"]
[White "Inkiov, Ventzislav"]
[Black "Toshkov, Tihomir"]
[Result "1-0"]
[WhiteElo "2475"]
[BlackElo "2370"]

1.Nf3 c5 2.e4 e6 3.d4 cxd4 4.Nxd4 Nc6 5.Nc3 d6 6.g3 a6 7.Bg2 Bd7 8.O-O Nf6
9.Nde2 b5 10.a3 Rc8 11.h3 h6 12.g4 g5 13.f4 Be7 14.Ng3 gxf4 15.Bxf4 Ne5 16.Kh1 Qc7
17.Rf2 Nc4 18.Rb1 h5 19.g5 h4 20.Nf5 Nh5 21.Nxe7 Kxe7 22.Qf3 Rcf8 23.Ne2 Nxf4
24.Qxf4 Qc5 25.b3 Nxa3 26.Rbf1 Rhg8 27.Qc1 b4 28.c4 Qxg5 29.Nf4 a5 30.Qe1 Rg7
31.e5 Qxe5 32.Re2 Qg5 33.Qf2 Rc8 34.Qd4 e5 35.Qb6 Kf8 36.Qxd6+ Qe7 37.Ng6+ Rxg6
38.Qxg6 Rc5 39.Bd5 Rxd5 40.cxd5 Bxh3 41.Qh6+ Ke8 42.Rh2  1-0

[Event "BUL-ch"]
[Site "Sofia"]
[Date "1982.??.??"]
[Round "7"]
[White "Donchev, Dimitar I"]
[Black "Kirov, Nino"]
[Result "1/2-1/2"]
[WhiteElo "2430"]
[BlackElo "2440"]

1.e4 c5 2.Nf3 Nc6 3.d4 cxd4 4.Nxd4 e6 5.Nc3 a6 6.Nxc6 bxc6 7.Bd3 d5 8.O-O Nf6
9.Re1 Be7 10.e5 Nd7 11.Qg4 Kf8 12.Qh5 Kg8 13.b3 g6 14.Qd1 a5  1/2-1/2

[Event "BUL-ch"]
[Site "Sofia"]
[Date "1982.??.??"]
[Round "8"]
[White "Georgiev, Krum"]
[Black "Radev, Nikolai"]
[Result "1/2-1/2"]
[WhiteElo "2450"]
[BlackElo "2345"]

1.e4 c5 2.Nf3 e6 3.d4 cxd4 4.Nxd4 Nc6 5.Nc3 a6 6.Be2 Nge7 7.O-O Nxd4 8.Qxd4 Nc6
9.Qe3 Bd6 10.b3 O-O 11.Bb2 b5 12.Kh1 f6 13.f4 Bc7 14.Rad1 Bb7 15.Qd2 Rf7
16.Bh5 g6 17.Bf3 Qf8 18.a4 b4 19.Nd5 exd5 20.exd5 Na5 21.d6 Bxf3 22.Rxf3 Bb8
23.f5 Nc6 24.Qd5 g5 25.Bxf6 Bxd6 26.Bxg5 Re8 27.Bh4 Bb8 28.Qc4 Ne5 29.Rg3+ Kh8
30.Qxa6 Rxf5 31.Re3 Ng4 32.Rxe8 Qxe8 33.Re1 Re5 34.Bf6+ Nxf6 35.Qxf6+ Kg8
36.Qg5+ Kh8 37.Qf6+ Kg8 38.Qg5+ Kh8  1/2-1/2

[Event "BUL-ch"]
[Site "Sofia"]
[Date "1982.??.??"]
[Round "9"]
[White "Lukov, Valentin"]
[Black "Toshkov, Tihomir"]
[Result "1-0"]
[WhiteElo "2405"]
[BlackElo "2370"]

1.e4 c5 2.Nf3 e6 3.d4 cxd4 4.Nxd4 Nc6 5.Nc3 d6 6.Be3 Nf6 7.f4 Be7 8.Qf3 O-O
9.O-O-O Qa5 10.Nb3 Qc7 11.Nb5 Qb8 12.g4 d5 13.e5 Ne4 14.g5 Bd7 15.Kb1 a6
16.N5d4 a5 17.Nd2 a4 18.Nxe4 dxe4 19.Qe2 a3 20.b3 Nb4 21.Bd2 e3 22.Qxe3 Nd5
23.Qh3 Qa7 24.Bd3 g6 25.Ne2 b5 26.Qg3 Bc5 27.h4 Ne3 28.Bxe3 Bxe3 29.h5 Bc6
30.Rh3 Bc5 31.Rf1 Rfd8 32.Qh2 Bf8 33.hxg6 fxg6 34.Bxg6 hxg6 35.Rh8+ Kf7 36.f5 exf5
37.Nf4 Qd4 38.Qh7+ Ke8 39.Rxf8+ Kxf8 40.Nxg6+  1-0